| 000 | 00743nam a2200193 4500 | ||
|---|---|---|---|
| 001 | 143539 | ||
| 003 | ES-MaACL | ||
| 005 | 20230906200837.0 | ||
| 007 | t| | ||
| 008 | 070214s1951 sp r ||||1| spa d | ||
| 100 | 1 |
_aServan Mur, Víctor. _9105853 |
|
| 245 | 1 | 0 |
_aDictámenes y casos prácticos _b: con formularios / _cVíctor Serván Mur, Felipe Ruiz de Velasco, Tomás F. Tuero y lvarez ; prólogo del Excmo. Sr. D. Federico Castejón y Martínez de Arizala. |
| 260 |
_aMadrid : _b[s. n.], _c1951. |
||
| 300 |
_aXI, 345 p. ; _c24 cm. |
||
| 700 | 1 |
_aRuiz de Velasco, Felipe. _9100771 |
|
| 700 | 1 |
_aTuero y lvarez, Tomás F. _9111647 |
|
| 700 | 1 |
_aCastejón y Martínez de Arizala, Federico. _936466 |
|
| 852 |
_aES-MaACL _jC-9053 _bR.37082 |
||
| 999 |
_c143539 _d143539 |
||